| 000 | 00769 a2200241 4500 | ||
|---|---|---|---|
| 003 | 0 | ||
| 005 | 20160609161655.0 | ||
| 008 | 100803t xxu||||| |||| 00| 0 eng d | ||
| 040 | _aBUAC | ||
| 041 | _aFr. | ||
| 100 |
_aLaburthe-Tolra, Philippe _97899 |
||
| 245 |
_aInitiation africaine : _bsupplément de philosophie et de sociologie à l'usage de l'Afrique noire _c/ Philippe Laburthe-Tolra, René Bureau |
||
| 260 |
_aYaoundé : _bEd. Clé _c1971 |
||
| 300 |
_a293p. _c21 cm. |
||
| 440 |
_a(Etudes et documents africains) _97900 |
||
| 504 | _aComprend un lexique | ||
| 630 |
_aPHILOSOPHIE _97901 |
||
| 650 |
_aPhilosophie africaine _97902 |
||
| 653 | _aConnaissances ésotériques | ||
| 700 |
_aBureau, René _cCollab. _97903 |
||
| 942 | _cLIVR | ||
| 999 |
_c39667 _d39667 |
||